|
|
|
|
| LEADER |
00000cas a2200000 a 4500 |
| 001 |
vtls010301470 |
| 003 |
SK-MaSNL |
| 005 |
20260425194253.0 |
| 008 |
110810d19501955xo sr|p 0 b0slo |
| 040 |
|
|
|a SNK
|b slo
|c SNK
|d SNK
|e AACR2
|
| 041 |
0 |
|
|a slo
|
| 043 |
|
|
|a e-xo---
|
| 044 |
|
|
|a xo
|c SK
|
| 072 |
|
7 |
|a 675
|x Kožiarsky priemysel
|2 konspekt
|
| 080 |
|
|
|a 675
|2 2 2001
|
| 245 |
0 |
0 |
|a Koželuh
|b závodný časopis bošianskych koželuhov
|
| 260 |
|
|
|a Bošany
|b ZS ROH podniku Koželuhy Bošany
|c 1950-1955
|
| 260 |
3 |
|
|3 7/1953-1955
|a Bošany
|b ZO KSS, ZS ROH, ZO ČSM a ved. podniku Koželuhy Bošany
|
| 300 |
|
|
|a 6 zv.
|c 29-47 cm
|
| 310 |
|
|
|a 2x mesačne
|
| 362 |
0 |
|
|a Roč. I, č. 1 (1950)-roč. VI, č. 5 (1955)
|
| 500 |
|
|
|a V tiráži podnázov: časopis zamestnancov Závodu 29. aug. v Bošanoch; od 2/1953, časopis zamestnancov Koželužní, n. p. v Bošanoch
|
| 500 |
|
|
|a Vyd.: ZS ROH; od 7/1953, ZO KSS, ZS ROH, ZO ČSM a ved. podniku Koželuhy Bošany
|
| 500 |
|
|
|a Tlač. Západoslov. tlačiarne, záv. v Prievidzi; od 21/1951, Tlačiarne závodov 29. aug. v Partizánskom
|
| 500 |
|
|
|a V r. 1950 za č. 18 a 20: Mladý koželuh
|
| 500 |
|
|
|a Zmena formátu od r. 1951 na 43 cm; od 1952 na 47 cm, od 1953 na 31 cm
|
| 610 |
2 |
7 |
|a Koželužne, n.p. (Bošany)
|2 SNKKA
|9 273435
|
| 650 |
0 |
7 |
|a kožiarsky priemysel
|2 SNKPH
|9 69784
|
| 651 |
|
7 |
|a Slovensko
|2 SNKPH
|9 14231
|
| 655 |
|
7 |
|a podnikové časopisy
|2 SNKPH
|9 265225
|
| 910 |
|
|
|a snk
|
| 916 |
|
|
|a 1950-1955
|
| 999 |
|
|
|c 9073
|d 11003
|
| 952 |
|
|
|t č. 1-20
|a SNK
|b SNK
|y PREZ
|7 0
|p 17A0713223
|o snkČSB 544/1/1950
|i snk388/51
|f 1
|0 0
|1 0
|4 0
|d 2014-08-27
|l 0
|r 2026-02-21 21:44:10
|w 2026-02-21
|
| 952 |
|
|
|t č. 1-22, neúpl.
|a SNK
|b SNK
|y PREZ
|7 0
|p 17A0713221
|o snkČSB 544/2/1951
|z chýba č. 3-7,21-22
|f 1
|0 0
|1 0
|4 0
|d 2014-08-27
|l 0
|r 2026-02-21 21:44:14
|w 2026-02-21
|
| 952 |
|
|
|t č. 1-23
|a SNK
|b SNK
|y PREZ
|7 0
|p 17A0713220
|o snkČSB 544/3/1952
|i snk4/53
|f 1
|0 0
|1 0
|4 0
|d 2014-08-27
|l 0
|r 2026-02-21 21:44:14
|w 2026-02-21
|
| 952 |
|
|
|t č. 1-23, neúpl.
|a SNK
|b SNK
|y PREZ
|7 0
|p 17A0713219
|o snkČSB 544/4/1953
|i snk1554/54
|z chýba č. 4
|f 1
|0 0
|1 0
|4 0
|d 2014-08-27
|l 0
|r 2026-02-21 21:44:14
|w 2026-02-21
|
| 952 |
|
|
|t č. 1-25
|a SNK
|b SNK
|y PREZ
|7 0
|p 17A0713218
|o snkČSB 544/5/1954
|i snkII 614/55
|f 1
|0 0
|1 0
|4 0
|d 2014-08-27
|l 0
|r 2026-02-21 21:44:14
|w 2026-02-21
|
| 952 |
|
|
|t č. 1-5
|a SNK
|b SNK
|y PREZ
|7 0
|p 17A0713217
|o snkČSB 544/6/1955
|i snkČSP 346/56
|f 1
|0 0
|1 0
|4 0
|d 2014-08-27
|l 0
|r 2026-02-21 21:44:14
|w 2026-02-21
|